Ethics of Information Management/ (Record no. 202436)
[ view plain ]
| 000 -LEADER | |
|---|---|
| fixed length control field | 00728 a2200229 4500 |
| 005 - DATE AND TIME OF LATEST TRANSACTION | |
| control field | 20240430155749.0 |
| 010 ## - LCCN (DPL NO) | |
| LC control number | B-758822 |
| 020 ## - INTERNATIONAL STANDARD BOOK NUMBER | |
| International Standard Book Number | 9780803957558 |
| Terms of availability | 900.00 |
| 035 ## - SYSTEM CONTROL NUMBER | |
| System control number | B-758822 |
| 037 ## - SOURCE OF ACQUISITION | |
| Source of stock number/acquisition | Gift/Unesco |
| 082 ## - DEWEY DECIMAL CLASSIFICATION NUMBER | |
| Classification number | 303.4833 |
| 100 ## - MAIN ENTRY--PERSONAL NAME | |
| Personal name | Mason, Richard O. |
| 245 ## - TITLE STATEMENT | |
| Title | Ethics of Information Management/ |
| Statement of responsibility, etc | Richard O. Mason, Florence M. Mason [and] Mary J. Culnan |
| 260 ## - PUBLICATION, DISTRIBUTION, ETC. (IMPRINT) | |
| Place of publication, distribution, etc | New Delhi |
| Name of publisher, distributor, etc | Saga Publication |
| Date of publication, distribution, etc | 1995 |
| 270 ## - ADDRESS | |
| Address | New Delhi |
| 300 ## - PHYSICAL DESCRIPTION | |
| Extent | 327p.; |
| Dimensions | 23cm. (HB) |
| Other physical details | Index |
| 500 ## - GENERAL NOTE | |
| General note | Index |
| 700 ## - ADDED ENTRY--PERSONAL NAME | |
| Personal name | Mason , Florence M. |
| 9 (RLIN) | 65268 |
| 700 ## - ADDED ENTRY--PERSONAL NAME | |
| Personal name | Culnan, Mary J. |
| 9 (RLIN) | 65269 |
| 942 ## - ADDED ENTRY ELEMENTS (KOHA) | |
| Institution code [OBSOLETE] | dpl |
| Item type | English Books |
| Source of classification or shelving scheme | Dewey Decimal Classification |
| Classification part | 303.4833 |
| Call number suffix | MAS |
| Withdrawn status | Lost status | Not for loan | Collection code | Home library | Current library | Date acquired | Source of acquisition | Cost, normal purchase price | Full call number | Barcode | Copy number | Cost, replacement price | Koha item type | Public note |
|---|---|---|---|---|---|---|---|---|---|---|---|---|---|---|
| Non-fiction | Shahdara Branch | Shahdara Branch | 30/04/2024 | Gift/29.4.24 | 900.00 | 303.4833 MAS | B-758822 | 1 | 900.00 | English Books | Gift |
